Calculus with analytic geometry

Saved in:
Bibliographic Details
Main Authors: Protter, Murray H (Author), Morrey, Charles Bradfield (Author)
Format: Book
Language:English
Published: Reading Addison-Wesley 1963
Series:Addison-Wesley Series in Mathematics
Subjects:
Tags: Add Tag
No Tags, Be the first to tag this record!

MARC

LEADER 00000nam a2200000 a 4500
001 UCQ9566
003 CL-VaPUC
008 990112e19630000US |||||||||||||||||eng|d
082 0 4 |a 515.15  |b PRO  |2 21 
100 0 |a Protter, Murray H  |e author  |9 424197 
700 |a Morrey, Charles Bradfield  |e author  |9 525396 
245 1 0 |a Calculus with analytic geometry 
300 |a 572 p 
942 |c BK 
945 |d 19990112 00:00:00  |a crobeson 
260 |a Reading  |b Addison-Wesley  |c 1963 
650 0 |a Cálculo  |9 260234 
650 0 |a Geometría analítica   |9 260062 
650 0 |a Funciones   |9 263869 
650 0 |a Álgebra  |9 259567 
650 0 |a Cálculo integral  |9 260103 
650 0 |a Cálculo diferencial   |9 260102 
650 0 |a Parábolas  |9 313604 
583 |a last modification  |c 19990112 00:00:00  |k Rodrigo Vera 
490 0 |a Addison-Wesley Series in Mathematics 
999 |c 278564  |d 278562 
952 |0 0  |1 0  |4 0  |6 515_150000000000000_PRO_1963  |7 0  |8 A  |9 317185  |a BIBMAT  |b BIBMAT  |d 2019-11-20  |i 1316257  |o 515.15 PRO 1963  |p 1316257  |r 2025-01-07  |w 2019-11-20  |y BK  |k MAT